Statistics for Five Largest Metro Areas in Each U.S. Census Division

Click here to take the quiz!

General Stats

  • This quiz has been taken 1,311 times
    (1,227 since last reset)
  • The average score is 38 of 45

Answer Stats

Answer% Correct
New England4,941,632Boston
99%
Middle Atlantic20,140,470New York
99%
Pacific13,200,998Los Angeles
96%
Middle Atlantic6,245,051Philadelphia
96%
East North Central9,618,502Chicago
95%
West South Central7,637,387Dallas
95%
West South Central7,122,240Houston
95%
South Atlantic6,089,815Atlanta
94%
Mountain2,963,821Denver
94%
Pacific4,749,008San Francisco
94%
South Atlantic6,138,333Miami
93%
Pacific3,298,634San Diego
93%
West South Central2,283,371Austin
92%
Mountain4,845,832Phoenix
92%
Pacific4,018,762Seattle
92%
South Atlantic6,385,162Washington
92%
East North Central4,392,041Detroit
91%
West South Central2,558,143San Antonio
90%
Mountain2,265,461Las Vegas
89%
Middle Atlantic2,370,930Pittsburgh
89%
East South Central1,989,519Nashville
88%
South Atlantic2,844,510Baltimore
87%
East South Central1,337,779Memphis
87%
West North Central3,690,261Minneapolis
87%
East North Central2,111,040Indianapolis
86%
New England1,676,579Providence
86%
West North Central2,820,253St. Louis
86%
East North Central2,138,926Columbus
85%
Mountain1,257,936Salt Lake City
85%
West North Central2,192,035Kansas City
84%
East North Central2,256,884Cincinnati
83%
West South Central1,425,695Oklahoma City
83%
South Atlantic3,175,275Tampa
83%
New England1,213,531Hartford
81%
Middle Atlantic1,166,902Buffalo
80%
East South Central1,285,439Louisville
79%
Mountain1,043,433Tucson
69%
West North Central967,604Omaha
67%
West North Central709,466Des Moines
65%
East South Central1,115,289Birmingham
62%
Middle Atlantic1,090,135Rochester
62%
New England957,419Bridgeport
58%
East South Central879,773Knoxville
53%
New England978,529Worcester
53%
Pacific4,599,839Riverside
49%

Score Distribution

Percentile by Number Answered

Percent of People with Each Score

Your Score History

You have not taken this quiz since the last reset